<?xml version="1.0" encoding="UTF-8"?><?xml-stylesheet type="text/xsl" href="static/style.xsl"?><OAI-PMH xmlns="http://www.openarchives.org/OAI/2.0/" xmlns:xsi="http://www.w3.org/2001/XMLSchema-instance" xsi:schemaLocation="http://www.openarchives.org/OAI/2.0/ http://www.openarchives.org/OAI/2.0/OAI-PMH.xsd"><responseDate>2026-04-18T02:27:33Z</responseDate><request verb="GetRecord" identifier="oai:riubu.ubu.es:10259/7834" metadataPrefix="marc">https://riubu.ubu.es/oai/request</request><GetRecord><record><header><identifier>oai:riubu.ubu.es:10259/7834</identifier><datestamp>2023-09-27T22:01:38Z</datestamp><setSpec>com_10259_2699</setSpec><setSpec>col_10259_2705</setSpec></header><metadata><record xmlns="http://www.loc.gov/MARC21/slim" xmlns:doc="http://www.lyncode.com/xoai" xmlns:xsi="http://www.w3.org/2001/XMLSchema-instance" xmlns:dcterms="http://purl.org/dc/terms/" xsi:schemaLocation="http://www.loc.gov/MARC21/slim http://www.loc.gov/standards/marcxml/schema/MARC21slim.xsd">
<leader>00925njm 22002777a 4500</leader>
<datafield tag="042" ind1=" " ind2=" ">
<subfield code="a">dc</subfield>
</datafield>
<datafield tag="720" ind1=" " ind2=" ">
<subfield code="a">Calzada Peña, Rodrigo</subfield>
<subfield code="e">author</subfield>
</datafield>
<datafield tag="260" ind1=" " ind2=" ">
<subfield code="c">2022</subfield>
</datafield>
<datafield tag="520" ind1=" " ind2=" ">
<subfield code="a">En la primera parte de esta tesis hemos ahondado en los acontecimientos&#xd;
políticos, sociales, culturales y religiosos que se sucedieron en torno a la vida de Federico&#xd;
Olmeda (Burgo de Osma, 18/VII/1865 – Madrid, 12/II/1909). Una vez contextualizada la&#xd;
figura de Olmeda, en la segunda parte, hemos abordado los aspectos más importantes&#xd;
de su biografía para, finalmente, presentar varias de sus obras musicales hasta ahora&#xd;
inéditas de pequeño, mediano y gran formato, así como un estudio concienzudo de las&#xd;
mismas que nos han permitido comprender mejor las coordenadas del pensamiento&#xd;
musical de Olmeda que, como la época convulsa en que vivió, estuvo influenciado por&#xd;
las corrientes nacionalistas, regionalistas y regeneracionistas así como por el afán de&#xd;
reforma de la música religiosa que tendrá su colofón en el Motu Proprio de Pío X, lo cual,&#xd;
no le hará renunciar a los recursos estilísticos propios, modernos e imperantes de su&#xd;
época.</subfield>
</datafield>
<datafield tag="520" ind1=" " ind2=" ">
<subfield code="a">In the first part of this thesis, we have delved into the political, social, cultural&#xd;
and religious events that took place around the life of Federico Olmeda (Burgo de Osma,&#xd;
18/VII/1865 – Madrid, 12/II/1909). Once the figure of Olmeda has been contextualized,&#xd;
in the second part, we have addressed the most important aspects of his biography to,&#xd;
finally, present several of his hitherto unpublished musical works of small, medium and&#xd;
large format, as well as a thorough study of the same that have allowed us to better&#xd;
understand the coordinates of Olmeda's musical thought that, like the convulsive time&#xd;
in which he lived, was influenced by nationalist, regionalist and regenerationist currents&#xd;
as well as by the desire to reform religious music that will have its culmination in the&#xd;
Motu Proprio of Pius X, which will not make him give up his own modern and prevailing&#xd;
stylistic resources of his time.</subfield>
</datafield>
<datafield tag="024" ind2=" " ind1="8">
<subfield code="a">http://hdl.handle.net/10259/7834</subfield>
</datafield>
<datafield tag="024" ind2=" " ind1="8">
<subfield code="a">10.36443/10259/7834</subfield>
</datafield>
<datafield ind1=" " ind2=" " tag="653">
<subfield code="a">Federico Olmeda</subfield>
</datafield>
<datafield ind1=" " ind2=" " tag="653">
<subfield code="a">Nacionalismo y regionalismo</subfield>
</datafield>
<datafield ind1=" " ind2=" " tag="653">
<subfield code="a">Regeneracionismo</subfield>
</datafield>
<datafield ind1=" " ind2=" " tag="653">
<subfield code="a">Motu Proprio de Pío X</subfield>
</datafield>
<datafield ind1=" " ind2=" " tag="653">
<subfield code="a">Catedral de Burgos</subfield>
</datafield>
<datafield ind1=" " ind2=" " tag="653">
<subfield code="a">Nationalism and regionalism</subfield>
</datafield>
<datafield ind1=" " ind2=" " tag="653">
<subfield code="a">Regenerations</subfield>
</datafield>
<datafield ind1=" " ind2=" " tag="653">
<subfield code="a">Motu Proprio of Pius X</subfield>
</datafield>
<datafield ind1=" " ind2=" " tag="653">
<subfield code="a">Burgos’ Cathedral</subfield>
</datafield>
<datafield tag="245" ind1="0" ind2="0">
<subfield code="a">El pensamiento musical de Federico Olmeda a través de sus escritos y de su poliédrico legado musical: presentación de obras inéditas y edición práctica del "Psalmus L Miserere" para Orquesta, Coro y solistas</subfield>
</datafield>
</record></metadata></record></GetRecord></OAI-PMH>